Normal view
MARC view
- الطفولة المبكرة-تعليم
Entry Topical Term
001 - CONTROL NUMBER
- control field: 35895
003 - CONTROL NUMBER IDENTIFIER
- control field: JO-AjAnu
005 - DATE AND TIME OF LATEST TRANSACTION
- control field: 20230606080010.0
008 - FIXED-LENGTH DATA ELEMENTS
- fixed length control field: 230606|| aca||aabn | a|a d
040 ## - CATALOGING SOURCE
- Original cataloging agency: JO-AjAnu
- Transcribing agency: JO-AjAnu
150 ## - HEADING--TOPICAL TERM
- Topical term or geographic name entry element: الطفولة المبكرة-تعليم
670 ## - SOURCE DATA FOUND
- Source citation: Work cat.: (JO-AjAnu)18430: / م.مشارك/ حرب،سناء مترجمMandel Morrow,Lesley/مؤلفBrown Asbury, Elizabeth, author 35894, أنشطة التعلم لصفوف الطفولة المبكرة:تطوير تعلم مهارتي القراءة والكتابة في السنوات المبكرة ومساعدة الأطفال على القراءة والكتابة